<?xml version="1.0" encoding="UTF-8"?><?xml-stylesheet type="text/xsl" href="static/style.xsl"?><OAI-PMH xmlns="http://www.openarchives.org/OAI/2.0/" xmlns:xsi="http://www.w3.org/2001/XMLSchema-instance" xsi:schemaLocation="http://www.openarchives.org/OAI/2.0/ http://www.openarchives.org/OAI/2.0/OAI-PMH.xsd"><responseDate>2026-06-01T08:38:59Z</responseDate><request verb="GetRecord" identifier="oai:riubu.ubu.es:10259/11614" metadataPrefix="marc">https://riubu.ubu.es/oai/request</request><GetRecord><record><header><identifier>oai:riubu.ubu.es:10259/11614</identifier><datestamp>2026-05-14T06:37:12Z</datestamp><setSpec>com_10259.4_2557</setSpec><setSpec>com_10259_5086</setSpec><setSpec>com_10259_2604</setSpec><setSpec>col_10259.4_2558</setSpec></header><metadata><record xmlns="http://www.loc.gov/MARC21/slim" xmlns:doc="http://www.lyncode.com/xoai" xmlns:xsi="http://www.w3.org/2001/XMLSchema-instance" xmlns:dcterms="http://purl.org/dc/terms/" xsi:schemaLocation="http://www.loc.gov/MARC21/slim http://www.loc.gov/standards/marcxml/schema/MARC21slim.xsd">
<leader>00925njm 22002777a 4500</leader>
<datafield tag="042" ind1=" " ind2=" ">
<subfield code="a">dc</subfield>
</datafield>
<datafield tag="720" ind1=" " ind2=" ">
<subfield code="a">Ballesteros Castañeda, Ángel</subfield>
<subfield code="e">author</subfield>
</datafield>
<datafield tag="720" ind1=" " ind2=" ">
<subfield code="a">Relancio Martínez, José Javier</subfield>
<subfield code="e">author</subfield>
</datafield>
<datafield tag="720" ind1=" " ind2=" ">
<subfield code="a">Santamaría Sanz, Lucía</subfield>
<subfield code="e">author</subfield>
</datafield>
<datafield tag="260" ind1=" " ind2=" ">
<subfield code="c">2026-01</subfield>
</datafield>
<datafield tag="520" ind1=" " ind2=" ">
<subfield code="a">We discuss the application of the Jordanian quantum algebra , a Hopf algebra deformation of the Lie algebra , in order to generate sets of N qubit quantum states. We construct the associated h-deformed Dicke states using the Clebsch–Gordan coefficients for , showing that the former exhibit completely different features than the q-Dicke states obtained from the standard quantum deformation . Moreover, the density matrices of these h-deformed Dicke states are compared to the experimental realizations of those of Dicke states, and several similarities are observed, indicating that the h-deformation could be used to describe noise and decoherence effects in experimental settings, as well as to control the degree of entanglement of the state in quantum computing protocols. In particular, h-Dicke states for are presented, a method to construct the h-deformed analogs of W-states for arbitrary N is given, and some algebraic considerations for the explicit derivation of generic h-Dicke states are provided.</subfield>
</datafield>
<datafield tag="024" ind2=" " ind1="8">
<subfield code="a">https://hdl.handle.net/10259/11614</subfield>
</datafield>
<datafield tag="024" ind2=" " ind1="8">
<subfield code="a">10.1007/s11128-025-05030-y</subfield>
</datafield>
<datafield tag="024" ind2=" " ind1="8">
<subfield code="a">1573-1332</subfield>
</datafield>
<datafield ind1=" " ind2=" " tag="653">
<subfield code="a">Quantum groups</subfield>
</datafield>
<datafield ind1=" " ind2=" " tag="653">
<subfield code="a">Hopf algebras</subfield>
</datafield>
<datafield ind1=" " ind2=" " tag="653">
<subfield code="a">q-Dicke states; h-Dicke states</subfield>
</datafield>
<datafield ind1=" " ind2=" " tag="653">
<subfield code="a">Uh(sl(2, R)) algebra</subfield>
</datafield>
<datafield tag="245" ind1="0" ind2="0">
<subfield code="a">Non-standard quantum algebra Uh(sl(2, R)) and h-Dicke states</subfield>
</datafield>
</record></metadata></record></GetRecord></OAI-PMH>